| 000 | 00921nam0a22002891 4500 | ||
|---|---|---|---|
| 001 | v19\rc\1413402 | ||
| 005 | 20260406125627.0 | ||
| 035 | _a(NLR Aleph) 005206761 | ||
| 090 |
_a5366506 _c5366506 |
||
| 100 | _a20060512d1880 |||y0rusy50 ca | ||
| 101 | 0 | _arus | |
| 102 | _aRU | ||
| 105 | _ay z |||a| | ||
| 200 | 1 |
_aНана _eРоман [в 2 ч.]. Ч. 1-2 _fЭмиль Зола |
|
| 210 |
_aСанкт-Петербург _cтип. т-ва "Обществ. польза" _d1880 |
||
| 215 |
_a2 т. _d17 |
||
| 532 | 1 | 3 | _aНана |
| 700 | 1 |
_8rus _7ca _aЗоля _bЭ. _f1840-1902 _gЭмиль _3RU\NLR\AUTH\771440 _9111465 |
|
| 790 | 1 |
_aЗола _bЭ. _f1840-1902 _gЭмиль |
|
| 801 | 0 |
_aRU _bNLR _c20060512 _gpsbo |
|
| 801 | 0 |
_aRU _bRuMoRGB _c20060512 _2psbo |
|
| 801 | 1 |
_aRU _bProSoft-M _c20060512 _2rusmarc |
|
| 801 | 2 |
_aRU _bNLR _c20061025 _2rusmarc |
|
| 852 |
_aNLR _j18.230.1.5 |
||
| 942 | _cBOOK | ||
| 980 | _aNB | ||